|
|
|
|
| LEADER |
00000cas a2200000 a 4500 |
| 001 |
vtls001466498 |
| 003 |
SK-MaSNL |
| 005 |
20260228160746.0 |
| 008 |
040116d20022023xo mr|p 0 0b0slo |
| 022 |
|
|
|a 1335-9134
|
| 035 |
|
|
|a SNK000421803
|
| 035 |
|
|
|a (SVKBB03)vtls000110002
|
| 040 |
|
|
|a SNK
|b slo
|c SNK
|d SVKBB
|d SAVUK
|e AACR2
|
| 041 |
0 |
|
|a slo
|
| 044 |
|
|
|a xo
|c SK
|
| 072 |
|
7 |
|a 613
|x Hygiena. Ľudské zdravie
|2 konspekt
|
| 072 |
|
7 |
|a 316.7
|x Sociológia kultúry. Kultúrny život
|2 konspekt
|
| 080 |
|
|
|a 613
|2 2001
|
| 080 |
|
|
|a 050
|2 2011
|
| 080 |
|
|
|a (051)-048.55
|2 2011
|
| 080 |
|
|
|a 613:304.3
|2 2011
|
| 080 |
|
|
|a 316.728
|2 2011
|
| 210 |
0 |
|
|a Vitalita
|b (Bratisl.)
|
| 222 |
|
0 |
|a Vitalita
|b (Bratislava)
|
| 245 |
0 |
0 |
|a Vitalita
|b mesačník pre zdravý a dlhý život
|
| 260 |
|
|
|a Bratislava
|b Združenie pre zdravý život Vitalita
|c 2002-1/2005-2023
|
| 260 |
2 |
|
|3 2/2005-7/2023
|a Bratislava
|b Via Vitalita
|
| 300 |
|
|
|a 23 zv.
|c 30 cm
|
| 310 |
|
|
|a 1x mesačne
|
| 362 |
0 |
|
|a 1 (2002)-roč. 23, č. 7 (2023)
|
| 500 |
|
|
|a Reg. č.: MK SR 3765/09
|
| 500 |
|
|
|a Šéfredaktor: 2002-8/2002?, Dagmar Nemečková ; 10/2002?-12/2007, Nataša Vámošová ; 1/2008- , Michal Opeta
|
| 500 |
|
|
|a Od č. 6/2006 po č. 1/2007 sa uvádza pri vydavateľovi miesto vydania Pezinok
|
| 500 |
|
|
|a Od č. 4/2009 podnázov: život vo vlastných rukách
|
| 500 |
|
|
|a Reg. č.: MK SR 2655/2001
|
| 650 |
0 |
7 |
|a zdravý životný štýl
|2 SNKPH
|9 68571
|
| 650 |
0 |
7 |
|a zdravie
|2 SNKPH
|9 16322
|
| 650 |
0 |
7 |
|a životný štýl
|2 SNKPH
|9 1704
|
| 655 |
|
7 |
|a špecializované časopisy
|2 SNKPH
|9 70509
|
| 700 |
1 |
|
|a Nemečková, Dagmar
|4 pbd
|9 267277
|
| 700 |
1 |
|
|a Vámošová, Nataša
|4 pbd
|9 267278
|
| 700 |
1 |
|
|a Opeta, Michal
|4 pbd
|9 267279
|
| 856 |
4 |
0 |
|u http://www.vitalitanet.sk
|
| 910 |
|
|
|a savuk
|
| 910 |
|
|
|a snk
|
| 910 |
|
|
|a svkbb
|
| 916 |
|
|
|a 2002-2014, 2015-2016, 2017-2018, 2019
|
| 999 |
|
|
|c 3552
|d 5482
|
| 952 |
|
|
|t č. 1-12
|a SNK
|b SNK
|y PREZ
|7 0
|p 17A1145066
|o snkČSB 5752/2014 D1
|i snk2015/22485
|8 0
|0 0
|1 0
|4 0
|d 2015-07-22
|l 0
|r 2026-02-21 19:45:37
|w 2026-02-21
|
| 952 |
|
|
|t č. 1-6
|a SNK
|b SNK
|c SNK_KF
|y PREZ
|7 8
|p 17A1558425
|o snkČSB 5752/21/2022/1
|i snk2025/18359
|8 0
|z Č. 1/2022 máuvedený chybný ročník 20
|0 0
|1 0
|4 0
|d 2025-11-14
|l 0
|r 2026-02-21 19:57:39
|w 2026-02-21
|
| 952 |
|
|
|t č. 7-12
|a SNK
|b SNK
|c SNK_KF
|y PREZ
|7 8
|p 17A1558426
|o snkČSB 5752/21/2022/2
|i snk2025/18360
|8 0
|0 0
|1 0
|4 0
|d 2025-11-14
|l 0
|r 2026-02-21 19:57:39
|w 2026-02-21
|
| 952 |
|
|
|t č. 1-7
|a SNK
|b SNK
|c SNK_KF
|y PREZ
|7 8
|p 17A1558427
|o snkČSB 5752/23/2023
|i snk2025/18361
|8 0
|0 0
|1 0
|4 0
|d 2025-11-14
|l 0
|r 2026-02-21 19:57:39
|w 2026-02-21
|
| 952 |
|
|
|t č. 7-12
|a SNK
|b SNK
|y PREZ
|7 0
|p 17A1465438
|o snkČSB 5752/18/2019/2 D1
|i snk2023/2352
|8 1
|0 0
|1 0
|4 0
|d 2023-02-08
|l 0
|r 2026-02-21 20:10:52
|w 2026-02-21
|
| 952 |
|
|
|t č. 1-6
|a SNK
|b SNK
|y PREZ
|7 0
|p 17A1465437
|o snkČSB 5752/18/2019/1 D1
|i snk2023/2350
|8 1
|0 0
|1 0
|4 0
|d 2023-02-08
|l 0
|r 2026-02-21 20:10:52
|w 2026-02-21
|
| 952 |
|
|
|t č. 1-6
|a SNK
|b SNK
|y PREZ
|7 0
|p 17A1465439
|o snkČSB 5752/19/2020/1 D1
|i snk2023/2353
|8 1
|0 0
|1 0
|4 0
|d 2023-02-08
|l 0
|r 2026-02-21 20:10:52
|w 2026-02-21
|
| 952 |
|
|
|t č. 7-12
|a SNK
|b SNK
|y PREZ
|7 0
|p 17A1465440
|o snkČSB 5752/19/2020/2 D1
|i snk2023/2355
|8 1
|0 0
|1 0
|4 0
|d 2023-02-08
|l 0
|r 2026-02-21 20:10:52
|w 2026-02-21
|
| 952 |
|
|
|t č. 1-6
|a SNK
|b SNK
|y PREZ
|7 0
|p 17A1465441
|o snkČSB 5752/20/2021/1 D1
|i snk2023/2357
|8 1
|0 0
|1 0
|4 0
|d 2023-02-08
|l 0
|r 2026-02-21 20:10:52
|w 2026-02-21
|
| 952 |
|
|
|t č. 7-12
|a SNK
|b SNK
|y PREZ
|7 0
|p 17A1465442
|o snkČSB 5752/20/2021/2 D1
|i snk2023/2358
|8 1
|0 0
|1 0
|4 0
|d 2023-02-08
|l 0
|r 2026-02-21 20:10:52
|w 2026-02-21
|
| 952 |
|
|
|t č. 1-6
|a SNK
|b SNK
|y PREZ
|7 0
|p 17A1465176
|o snkČSB 5752/20/2021/1
|i snk2022/19076
|8 0
|0 0
|1 0
|4 0
|d 2022-12-19
|l 0
|r 2026-02-21 20:11:14
|w 2026-02-21
|
| 952 |
|
|
|t č. 7-12
|a SNK
|b SNK
|y PREZ
|7 0
|p 17A1465177
|o snkČSB 5752/20/2021/2
|i snk2022/19077
|8 0
|0 0
|1 0
|4 0
|d 2022-12-19
|l 0
|r 2026-02-21 20:11:16
|w 2026-02-21
|
| 952 |
|
|
|t č. 1-6
|a SNK
|b SNK
|y PREZ
|7 0
|p 17A1465178
|o snkČSB 5752/19/2020/1
|i snk2022/19078
|8 0
|0 0
|1 0
|4 0
|d 2022-12-19
|l 0
|r 2026-02-21 20:11:16
|w 2026-02-21
|
| 952 |
|
|
|t č. 7-12
|a SNK
|b SNK
|y PREZ
|7 0
|p 17A1465179
|o snkČSB 5752/19/2020/2
|i snk2022/19079
|8 0
|0 0
|1 0
|4 0
|d 2022-12-19
|l 0
|r 2026-02-21 20:11:17
|w 2026-02-21
|
| 952 |
|
|
|t č. 1-12
|a SNK
|b SNK
|y PREZ
|7 0
|p 17A1030423
|o snkČSB 5752/2003
|i snk2012/13618
|8 0
|f 1
|0 0
|1 0
|4 0
|d 2012-07-12
|l 0
|r 2026-02-21 20:30:14
|w 2026-02-21
|
| 952 |
|
|
|t č. 1-12, neúplné
|a SNK
|b SNK
|y PREZ
|7 0
|p 17A1030421
|o snkČSB 5752/2002
|i snk2012/13614
|8 0
|z Chýba č. 9.
|f 1
|0 0
|1 0
|4 0
|d 2012-07-12
|l 0
|r 2026-02-21 20:30:17
|w 2026-02-21
|
| 952 |
|
|
|t č. 1-12, neúplné
|a SNK
|b SNK
|y PREZ
|7 0
|p 17A1030422
|o snkČSB 5752/2002 D1
|i snk2012/13615
|8 0
|z Chýba č. 9.
|0 0
|1 0
|4 0
|d 2012-07-12
|l 0
|r 2026-02-21 20:30:17
|w 2026-02-21
|
| 952 |
|
|
|t č. 1-12, neúplné
|a SNK
|b SNK
|y PREZ
|7 0
|p 17A1030424
|o snkČSB 5752/2003 D1
|i snk2012/13619
|8 0
|z Chýba č. 1,12.
|0 0
|1 0
|4 0
|d 2012-07-12
|l 0
|r 2026-02-21 20:30:17
|w 2026-02-21
|
| 952 |
|
|
|t č. 1-12
|a SNK
|b SNK
|y PREZ
|7 0
|p 17A1030425
|o snkČSB 5752/2004
|i snk2012/13621
|8 0
|f 1
|0 0
|1 0
|4 0
|d 2012-07-12
|l 0
|r 2026-02-21 20:30:17
|w 2026-02-21
|
| 952 |
|
|
|t č. 1-12, neúplné
|a SNK
|b SNK
|y PREZ
|7 0
|p 17A1030426
|o snkČSB 5752/2004 D1
|i snk2012/13622
|8 0
|z Chýba č. 3,4,11.
|0 0
|1 0
|4 0
|d 2012-07-12
|l 0
|r 2026-02-21 20:30:17
|w 2026-02-21
|
| 952 |
|
|
|t č. 1-12
|a SNK
|b SNK
|y PREZ
|7 0
|p 17A1030427
|o snkČSB 5752/2005
|i snk2012/13625
|8 0
|f 1
|0 0
|1 0
|4 0
|d 2012-07-12
|l 0
|r 2026-02-21 20:30:18
|w 2026-02-21
|
| 952 |
|
|
|t č. 1-12
|a SNK
|b SNK
|y PREZ
|7 0
|p 17A1030428
|o snkČSB 5752/2005 D1
|i snk2012/13626
|8 0
|0 0
|1 0
|4 0
|d 2012-07-12
|l 0
|r 2026-02-21 20:30:18
|w 2026-02-21
|
| 952 |
|
|
|t č. 1-12, neúplné
|a SNK
|b SNK
|y PREZ
|7 0
|p 17A1030429
|o snkČSB 5752/2006
|i snk2012/13699
|8 0
|z Chýba č. 12.
|f 1
|0 0
|1 0
|4 0
|d 2012-07-13
|l 0
|r 2026-02-21 20:40:38
|w 2026-02-21
|
| 952 |
|
|
|t č. 1-12, neúplné
|a SNK
|b SNK
|y PREZ
|7 0
|p 17A1030430
|o snkČSB 5752/2006 D1
|i snk2012/13701
|8 0
|z Chýba č. 1,10,12.
|0 0
|1 0
|4 0
|d 2012-07-13
|l 0
|r 2026-02-21 20:40:38
|w 2026-02-21
|
| 952 |
|
|
|t č. 11,12 neúplné
|a SNK
|b SNK
|y PREZ
|7 0
|p 17A1030431
|o snkČSB 5752/2007
|i snk2012/13703
|8 0
|z Chýba č. 1-10.
|f 1
|0 0
|1 0
|4 0
|d 2012-07-13
|l 0
|r 2026-02-21 20:40:38
|w 2026-02-21
|
| 952 |
|
|
|t č. 1-12, neúplné
|a SNK
|b SNK
|y PREZ
|7 0
|p 17A1030432
|o snkČSB 5752/2008
|i snk2012/13707
|8 0
|z Chýba č. 8,10.
|f 1
|0 0
|1 0
|4 0
|d 2012-07-13
|l 0
|r 2026-02-21 20:40:38
|w 2026-02-21
|
| 952 |
|
|
|t č. 1-12
|a SNK
|b SNK
|y PREZ
|7 0
|p 17A1030433
|o snkČSB 5752/2009
|i snk2012/13708
|8 0
|f 1
|0 0
|1 0
|4 0
|d 2012-07-13
|l 0
|r 2026-02-21 20:40:38
|w 2026-02-21
|
| 952 |
|
|
|t č. 1-12
|a SNK
|b SNK
|y PREZ
|7 0
|p 17A1030434
|o snkČSB 5752/2009 D1
|i snk2012/13709
|8 0
|0 0
|1 0
|4 0
|d 2012-07-13
|l 0
|r 2026-02-21 20:40:38
|w 2026-02-21
|
| 952 |
|
|
|t č. 1-12, neúplný
|a SNK
|b SNK
|y PREZ
|7 0
|p 17A1154802
|o snkČSB 5752/2010
|i snk2015/10495
|8 0
|z chýba č. 3,9,10
|f 1
|0 0
|1 0
|4 0
|d 2015-03-26
|l 0
|r 2026-02-21 21:15:38
|w 2026-02-21
|
| 952 |
|
|
|t č. 1-12, neúplný
|a SNK
|b SNK
|y PREZ
|7 0
|p 17A1154803
|o snkČSB 5752/2010 D1
|i snk2015/10498
|8 0
|z chýba č. 3,4,5,7,8,9,10,11,12
|0 0
|1 0
|4 0
|d 2015-03-26
|l 0
|r 2026-02-21 21:15:38
|w 2026-02-21
|
| 952 |
|
|
|t č. 1-12, neúplný
|a SNK
|b SNK
|y PREZ
|7 0
|p 17A1154804
|o snkČSB 5752/2011
|i snk2015/10499
|8 0
|z chýba č. 9
|f 1
|0 0
|1 0
|4 0
|d 2015-03-26
|l 0
|r 2026-02-21 21:15:38
|w 2026-02-21
|
| 952 |
|
|
|t č. 1-12
|a SNK
|b SNK
|y PREZ
|7 0
|p 17A1154805
|o snkČSB 5752/2012
|i snk2015/10507
|8 0
|f 1
|0 0
|1 0
|4 0
|d 2015-03-26
|l 0
|r 2026-02-21 21:15:38
|w 2026-02-21
|
| 952 |
|
|
|t č. 8-12, neúplný
|a SNK
|b SNK
|y PREZ
|7 0
|p 17A1154806
|o snkČSB 5752/2012 D1
|i snk2015/10518
|8 0
|z chýba č. 1,2,3,4,5,6,7,11
|0 0
|1 0
|4 0
|d 2015-03-26
|l 0
|r 2026-02-21 21:15:38
|w 2026-02-21
|
| 952 |
|
|
|t č. 1-12
|a SNK
|b SNK
|y PREZ
|7 0
|p 17A1154807
|o snkČSB 5752/2013
|i snk2015/10523
|8 0
|f 1
|0 0
|1 0
|4 0
|d 2015-03-26
|l 0
|r 2026-02-21 21:15:38
|w 2026-02-21
|
| 952 |
|
|
|t č. 1-12
|a SNK
|b SNK
|y PREZ
|7 0
|p 17A1154808
|o snkČSB 5752/2013 D1
|i snk2015/10529
|8 0
|0 0
|1 0
|4 0
|d 2015-03-26
|l 0
|r 2026-02-21 21:15:38
|w 2026-02-21
|
| 952 |
|
|
|t č. 1-12
|a SNK
|b SNK
|y PREZ
|7 0
|p 17A1154809
|o snkČSB 5752/2014
|i snk2015/10546
|8 0
|f 1
|0 0
|1 0
|4 0
|d 2015-03-26
|l 0
|r 2026-02-21 21:15:38
|w 2026-02-21
|
| 952 |
|
|
|t č. 1-6
|a SNK
|b SNK
|y PREZ
|7 0
|p 17A1434551
|o snkČSB 5752/18/2019/1
|i snk2021/7225
|8 0
|f 1
|0 0
|1 0
|4 0
|d 2021-06-17
|l 0
|r 2026-02-21 21:20:53
|w 2026-02-21
|
| 952 |
|
|
|t č. 7-12
|a SNK
|b SNK
|y PREZ
|7 0
|p 17A1434552
|o snkČSB 5752/18/2019/2
|i snk2021/7226
|8 0
|f 1
|0 0
|1 0
|4 0
|d 2021-06-17
|l 0
|r 2026-02-21 21:20:53
|w 2026-02-21
|
| 952 |
|
|
|t č. 1-12, neúplné, chýba č. 1
|a SNK
|b SNK
|y PREZ
|7 0
|p 17A1387434
|o snkČSB 5752/16/2017
|i snk2020/7703
|8 0
|f 1
|0 0
|1 0
|4 0
|d 2020-05-18
|l 0
|r 2026-02-21 21:53:09
|w 2026-02-21
|
| 952 |
|
|
|t č. 1-12
|a SNK
|b SNK
|y PREZ
|7 0
|p 17A1387435
|o snkČSB 5752/17/2018
|i snk2020/7711
|8 0
|f 1
|0 0
|1 0
|4 0
|d 2020-05-18
|l 0
|r 2026-02-21 21:53:09
|w 2026-02-21
|
| 952 |
|
|
|t č. 7-12
|a SNK
|b SNK
|y PREZ
|7 0
|p 17A1265029
|o snkČSB 5752/14/2015/2 D1
|i snk2017/21398
|8 0
|0 0
|1 0
|4 0
|d 2017-10-04
|l 0
|r 2026-02-21 21:55:51
|w 2026-02-21
|
| 952 |
|
|
|t č. 1-6
|a SNK
|b SNK
|y PREZ
|7 0
|p 17A1265030
|o snkČSB 5752/15/2016/1 D1
|i snk2017/21400
|8 0
|0 0
|1 0
|4 0
|d 2017-10-04
|l 0
|r 2026-02-21 21:55:51
|w 2026-02-21
|
| 952 |
|
|
|t č. 7-12, neúplné
|a SNK
|b SNK
|y PREZ
|7 0
|p 17A1265031
|o snkČSB 5752/15/2016/2 D1
|i snk2017/21403
|8 0
|z Chýba č. 12
|0 0
|1 0
|4 0
|d 2017-10-04
|l 0
|r 2026-02-21 21:55:51
|w 2026-02-21
|
| 952 |
|
|
|t č. 1-6
|a SNK
|b SNK
|y PREZ
|7 0
|p 17A1265026
|o snkČSB 5752/14/2015/1
|i snk2017/21385
|8 0
|f 1
|0 0
|1 0
|4 0
|d 2017-10-04
|l 0
|r 2026-02-21 21:56:43
|w 2026-02-21
|
| 952 |
|
|
|t č. 7-12
|a SNK
|b SNK
|y PREZ
|7 0
|p 17A1265024
|o snkČSB 5752/14/2015/2
|i snk2017/21386
|8 0
|f 1
|0 0
|1 0
|4 0
|d 2017-10-04
|l 0
|r 2026-02-21 21:56:43
|w 2026-02-21
|
| 952 |
|
|
|t č. 1-6
|a SNK
|b SNK
|y PREZ
|7 0
|p 17A1265025
|o snkČSB 5752/15/2016/1
|i snk2017/21389
|8 0
|f 1
|0 0
|1 0
|4 0
|d 2017-10-04
|l 0
|r 2026-02-21 21:56:43
|w 2026-02-21
|
| 952 |
|
|
|t č. 7-12
|a SNK
|b SNK
|y PREZ
|7 0
|p 17A1265027
|o snkČSB 5752/15/2016/2
|i snk2017/21391
|8 0
|f 1
|0 0
|1 0
|4 0
|d 2017-10-04
|l 0
|r 2026-02-21 21:56:43
|w 2026-02-21
|
| 952 |
|
|
|t č. 1-6
|a SNK
|b SNK
|y PREZ
|7 0
|p 17A1265028
|o snkČSB 5752/14/2015/1 D1
|i snk2017/21396
|8 0
|0 0
|1 0
|4 0
|d 2017-10-04
|l 0
|r 2026-02-21 21:56:43
|w 2026-02-21
|